Statistics for Name The Iconic Football Players

Click here to take the quiz!

General Stats

  • This quiz has been taken 28 times
  • The average score is 10 of 11

Answer Stats

Answer% Correct
Cristiano
100%
Henry
100%
Messi
100%
Pele
100%
Ronaldinho
100%
Ronaldo
100%
Zidane
100%
Maradona
96%
Cruyff
88%
Baggio
69%
Stoichkov
46%

Score Distribution

Percentile by Number Answered

Percent of People with Each Score

Your Score History

You have not taken this quiz